| 000 | 01040nam a2200241 a 4500 | ||
|---|---|---|---|
| 001 | 000045105 | ||
| 003 | DO-SdBNP | ||
| 005 | 20250925135321.0 | ||
| 007 | ta | ||
| 008 | 150203s2014 dr ac 000 0 spa d | ||
| 040 |
_aDO-SdBNP _bspa _cBNPHU |
||
| 100 | 1 |
_aAmaro Guzmán, Raymundo _9656 |
|
| 245 | 1 | 0 |
_aConstitución Dominicana, 2010 : _bsinópsis histórica de las reformas constitucionales (1884-2010) / _cRaymundo Amaro Guzmán ; presentación Ramón Ventura Camejo. |
| 250 | _a2a ed. | ||
| 260 |
_aSanto Domingo : _bMinisterio de Administración Pública, _c2014. |
||
| 300 |
_a292 p. : _bil., retrs. ; _c22 cm. |
||
| 500 | _aComentario a la reforma del 2010, Lic. Gregorio Montero | ||
| 500 | _aIncluye datos biográficos del autor en las solapas. | ||
| 505 | 0 |
_tPoder Ejecutivo (1844-2004) Jefes de Estado -- _tPoder Judicial. Presidentes Suprema Corte de Justicia -- |
|
| 700 | 1 |
_aVentura Camejo, Ramón, _epresent. _926937 |
|
| 710 | 1 |
_aRepública Dominicana _bMinisterio de Administración Pública _965952 |
|
| 942 |
_2ddc _cLBS1 |
||
| 999 |
_c44594 _d44594 |
||